| 000 | 00000nas 2200000za 4500 |
| 001 | 9.500528 |
| 003 | CaOODSP |
| 005 | 20221107132859 |
| 007 | cr ||||||||||| |
| 008 | 150406c20029999onc x p o||||f0 |0fre|d |
| 022 | |a1707-8253|y1707-8261 |
| 040 | |aCaOODSP|bfre |
| 041 | |afre|aeng |
| 043 | |an-cn--- |
| 086 | 1 |aYC25-PDF |
| 110 | 1 |aCanada. |bParlement. |bSénat. |bComité permanent des pêches et des océans. |
| 210 | 1 |aDélib. Com. sénat. perm. pêches océans |b(En ligne) |
| 240 | 10|aDélibérations du Comité sénatorial permanent des pêches (En ligne) |
| 245 | 10|aProceedings of the Standing Senate Committee on Fisheries and Oceans |h[ressource électronique] : |bDélibérations du Comité sénatorial permanent des pêches. |
| 246 | 11|aDélibérations du Comité sénatorial permanent des pêches |
| 260 | |aOttawa : |bSénat, |c2002- |
| 310 | |aIrrégulier |
| 362 | 1 |a37e législature, 2e session, fascicule n° 2 (26 nov./3 déc/11 déc. 2002)— |
| 515 | |aLa numérotation reprend à chaque session au fascicule n° 1. |
| 546 | |aTexte en anglais et en français. |
| 791 | |tProceedings of the Standing Senate Committee on Fisheries and Oceans |eeng|w(CaOODSP)9.500527 |